<?xml version="1.0" encoding="UTF-8"?>
<record
    xmlns:xsi="http://www.w3.org/2001/XMLSchema-instance"
    xsi:schemaLocation="http://www.loc.gov/MARC21/slim http://www.loc.gov/standards/marcxml/schema/MARC21slim.xsd"
    xmlns="http://www.loc.gov/MARC21/slim">

  <leader>01687nam a2200289Ia 4500</leader>
  <controlfield tag="005">20231102151512.0</controlfield>
  <controlfield tag="007">ta</controlfield>
  <controlfield tag="008">121101s1996    mx a|||f      000 0 spa d</controlfield>
  <datafield tag="020" ind1=" " ind2=" ">
    <subfield code="a">9688807303</subfield>
  </datafield>
  <datafield tag="040" ind1=" " ind2=" ">
    <subfield code="a">RDA</subfield>
  </datafield>
  <datafield tag="050" ind1=" " ind2="4">
    <subfield code="a">HD62.4 </subfield>
    <subfield code="b">T3418</subfield>
  </datafield>
  <datafield tag="100" ind1="1" ind2=" ">
    <subfield code="a">TAGGART, James H.</subfield>
    <subfield code="d">1943-</subfield>
    <subfield code="e">Autor</subfield>
    <subfield code="9">19454</subfield>
  </datafield>
  <datafield tag="240" ind1=" " ind2=" ">
    <subfield code="a">Internacional Business </subfield>
    <subfield code="l">Espa&#xF1;ol </subfield>
  </datafield>
  <datafield tag="245" ind1="1" ind2="0">
    <subfield code="a">La esencia de los negocios internacionales </subfield>
    <subfield code="c">/ TAGGART, James H.</subfield>
  </datafield>
  <datafield tag="260" ind1=" " ind2=" ">
    <subfield code="a">M&#xE9;xico :</subfield>
    <subfield code="b">Prentice-Hall Hispanoamericana, </subfield>
    <subfield code="c">1996</subfield>
  </datafield>
  <datafield tag="300" ind1=" " ind2=" ">
    <subfield code="a">x, 230 p&#xE1;ginas</subfield>
    <subfield code="b">il. </subfield>
  </datafield>
  <datafield tag="336" ind1=" " ind2=" ">
    <subfield code="a">Texto </subfield>
  </datafield>
  <datafield tag="337" ind1=" " ind2=" ">
    <subfield code="a">Sin medio </subfield>
  </datafield>
  <datafield tag="338" ind1=" " ind2=" ">
    <subfield code="a">Volumen </subfield>
  </datafield>
  <datafield tag="500" ind1=" " ind2=" ">
    <subfield code="a">Traducido de: International business</subfield>
  </datafield>
  <datafield tag="500" ind1=" " ind2=" ">
    <subfield code="a">Traductor: Norma Maldonado Pi&#xF1;a</subfield>
  </datafield>
  <datafield tag="505" ind1="1" ind2=" ">
    <subfield code="a">Contenido: 

Crecimiento de los negocios internacionales 
La empresa multinacional 
El ambiente de los negocios internacionales 
Estrategia de negocio internacional 
Estrategia internacional de mercadotecnia 
Estrategia internacional del tecnolog&#xED;a 
Estrategia financiera internacional  
Estrategia internacional de operaciones 
Estrategia de personal internacional 
Organizaci&#xF3;n internacional y estrategia de control 
Estrategia internacional de subsidiarias 
Adquisiciones internacionales: estrategia y administraci&#xF3;n 
Los negocios internacionales en el futuro

&#xCD;ndice</subfield>
  </datafield>
  <datafield tag="520" ind1="0" ind2=" ">
    <subfield code="a">Resumen del Libro

De gran inter&#xE9;s, para aquellas personas que quieren conocer y tambien profundizar en la Administraci&#xF3;n de los Negocios Internacionales, o para aquellos que requieran simplemente conocer y saber sobre el tema. 
 







</subfield>
  </datafield>
  <datafield tag="650" ind1="1" ind2="4">
    <subfield code="a">RELACIONES ECON&#xD3;MICAS INTERNACIONALES</subfield>
    <subfield code="9">1550</subfield>
  </datafield>
  <datafield tag="700" ind1="1" ind2=" ">
    <subfield code="a">McDermott, Michael C.</subfield>
    <subfield code="e">; coautor</subfield>
    <subfield code="9">19455</subfield>
  </datafield>
  <datafield tag="942" ind1=" " ind2=" ">
    <subfield code="2">lcc</subfield>
    <subfield code="c">LB</subfield>
  </datafield>
  <datafield tag="952" ind1=" " ind2=" ">
    <subfield code="0">0</subfield>
    <subfield code="1">0</subfield>
    <subfield code="2">lcc</subfield>
    <subfield code="4">0</subfield>
    <subfield code="7">0</subfield>
    <subfield code="a">12</subfield>
    <subfield code="b">12</subfield>
    <subfield code="d">2015-07-07</subfield>
    <subfield code="l">0</subfield>
    <subfield code="o">HD62.4 T3418</subfield>
    <subfield code="p">12 002006</subfield>
    <subfield code="r">2015-04-22</subfield>
    <subfield code="t">1</subfield>
    <subfield code="w">2012-11-01</subfield>
    <subfield code="y">LB</subfield>
  </datafield>
  <datafield tag="999" ind1=" " ind2=" ">
    <subfield code="c">87535</subfield>
    <subfield code="d">87535</subfield>
  </datafield>
</record>
